| 000 | 00580nam a2200181Ia 4500 | ||
|---|---|---|---|
| 008 | 151202s9999||||xx |||||||||||||| ||und|| | ||
| 082 | _bPNVM-58039 | ||
| 100 | _aकुलकर्णी पद्मा. | ||
| 245 | _aसूक्ष्मा. | ||
| 260 | _b"मनमोहिनी प्रकाशन,पुणे." | ||
| 260 | _c1990 | ||
| 300 | _a190 | ||
| 600 | _aकुलकर्णी पद्मा. | ||
| 630 | _aसूक्ष्मा. | ||
| 700 | _aकुलकर्णी पद्मा. | ||
| 730 | _aसूक्ष्मा. | ||
| 942 | _cBOOK | ||
| 999 |
_c1324577 _d1324574 |
||